| 000 | 01027nam a22003257a 4500 | ||
|---|---|---|---|
| 003 | CHAP | ||
| 005 | 20220817042303.0 | ||
| 008 | 971013s1977 r 00010 d | ||
| 010 | _a39663 | ||
| 011 | _a40635 | ||
| 035 | _a44761 | ||
| 040 | _cCHAP | ||
| 082 |
_a631.4 _bM66 |
||
| 100 | 0 | 0 |
_aMoore, Alan W. _eed. _978054 |
| 245 | _aUses of soil information systems | ||
| 260 |
_aWageningen : _bPudoc, _c1977 |
||
| 300 | _a103 p | ||
| 590 |
_aBATCH-UPD _b10 _c20130110 _lUCH01 _h0229 |
||
| 590 |
_aBATCH-UPD _b10 _c20130110 _lUCH01 _h1643 |
||
| 590 |
_aBATCH-UPD _b10 _c20130409 _lUCH01 _h2252 |
||
| 590 |
_aBATCH-UPD _b10 _c20130410 _lUCH01 _h1610 |
||
| 590 |
_aBATCH-UPD _b10 _c20130914 _lUCH01 _h0626 |
||
| 590 |
_aCONVERSION _b10 _c20130109 _lUCH01 _h1322 |
||
| 650 | 1 | 4 | _aProcesamiento automático de datos en suelos. |
| 650 | 1 | 4 |
_aSuelos _xSistemas de información. _9110482 |
| 700 | 0 |
_aBie, Stein W. _912625 |
|
| 901 | _aBK | ||
| 942 | _cLIBRO | ||
| 949 |
_a631.4 M66 _bBC _cLIBRO _d33724000062766 _eLIBRO _h57326 _i44761 _si _t976.00 |
||
| 999 |
_c39663 _d39663 |
||